All answers start with "B" - Statistics

General Stats
  • This quiz has been taken 26 times
    23 since last reset
  • The average score is 27 of 48
Answer Stats
Hint Answer % Correct
You'd find money here. Bank
100%
Largest Mountain in Scotland at 1,345 m (4412 ft) ___ Nevis. Ben
100%
A specialized body fluid that circulates throughout the body, transporting oxygen, nutrients, and waste products Blood
100%
Not good. Bad
96%
You'd use this to sweep a floor. Broom
91%
Sofia is the capital of this country. Bulgaria
91%
Eastern European country - Lukashenko is the President. Belarus
87%
The scientific study of life, encompassing diverse fields like botany, zoology, and ecology, focusing on the structure, function, growth, origin, evolution, and distribution of living organisms. Biology
87%
Capital of Thailand. Bangkok
83%
The largest organ in the nervous system, weighing about 3 pounds (1.36 kilograms) Brain
83%
Western European country, is known for medieval towns and Renaissance architecture. Belgium
78%
First name of Netanyahu. Benjamin
78%
Paired structures located on the chest, composed of mammary glands, connective tissue, and fat. Breast
78%
You'd find the headquarters of the European Union and NATO in this city. Brussels
78%
A search engine owned and operated by Microsoft Bing
74%
A watercraft, generally smaller than a ship. Boat
74%
A period of steep decline in the stock market driven by investors' pessimism about the economy Bear
70%
Also known as a contusion. Bruise
70%
A mature, intact (not castrated) male is called this. Bull
70%
Primates comprising the genus Papio, one of the 23 genera of Old World monkeys, in the family Cercopithecidae. There are six species; the hamadryas, the Guinea, the olive, the yellow, the Kinda and the chacma. Baboon
65%
Large, enormous, fat. Big
65%
A round, deep dish or basin used for food or liquid. Bowl
65%
You might have this at a party. Balloon
57%
The quality of being pleasing and attractive, especially to look at. Beauty
57%
If you're feeling melancholic, you're said to be feeling ____. Blue
57%
Name of the family dog in Family Guy. Brian
57%
A person who habitually seeks to harm or intimidate those whom they perceive as vulnerable. Bully
57%
A type of airship. Blimp
48%
UTIs, food poisoning, STIs and some skin, sinus and ear infections are all examples of common _______ infections. Bacterial
43%
An animal, especially a large or dangerous four-footed one. Beast
43%
The person to whom one is engaged. Betrothed
43%
A game of chance in which each player matches the numbers printed in different arrangements on cards. Bingo
43%
A flour-based, baked, and shaped food item, typically hard, flat, and unleavened Biscuit
43%
The lower part of the digestive system, responsible for digesting food, absorbing nutrients, and eliminating waste. Bowels
43%
An intergovernmental organization comprising ten countries – Brazil, Russia, India, China, South Africa, Egypt, Ethiopia, Indonesia, Iran and the UAE. BRICS
39%
To not be loyal to your country or a person, often by doing something harmful such as helping their enemies Betray
35%
Expensive, ostentatious clothing and jewellery. Bling
35%
Exceptional or talented; a _____ mathematician. Brilliant
30%
An advantage or profit gained from something. Benefit
26%
A painful, pus-filled bump that forms under your skin. Boil
22%
A person who is offensive and rude, and often violent. Brute
22%
A ridiculous but amusing person. Buffoon
22%
The Battle of ___________ was fought on 23–24 June 1314, between the army of Robert the Bruce, King of Scots, and the army of King Edward II of England, during the First War of Scottish Independence. It was a decisive victory for Robert Bruce and formed a major turning point in the war, which ended 14 years later with the de jure restoration of Scottish independence under the Treaty of Edinburgh–Northampton. Banockburn
17%
An uncompromisingly forthright remark. Blunt
17%
The Battle of the ______, fought on July 1, 1690, was a pivotal conflict between King William III (William of Orange) and King James II, resulting in a Williamite victory that secured the Protestant ascendancy in Ireland and had lasting implications for the region. Boyne
17%
A mythical creature typically used to frighten children into good behavior. Bogeyman
13%
One of the most famous Iranian novels of the 20th century. The _____ Owl by Sadegh Hedayat, published in 1936. Blind
9%
A 2001 American biographical crime drama film directed by Ted Demme, about an American cocaine kingpin and his international network. Blow
9%
No matching quizzes found
Score Distribution
Percent of People with Each Score
Percentile by Number Answered
Your Score History
You have not taken this quiz since the last reset